000 00755nam a22002417a 4500
003 PE SENCICO BE
005 20251020182624.0
008 230104b |||||||| |||| 00| 0 eng d
040 _aPE SENCICO BE
_cPE SENCICO BE
041 _aspa
082 _a720.972
_bL
245 1 _aLiving in Mexico
260 _aKoln:
_bTaschen,
_c2004
300 _a[11], 431 p.
_bil. col., lams.;
_c20 cm.
650 1 4 _949
_aArquitectura
_zMéxico
650 2 4 _977
_aViviendas
_zMéxico
650 2 4 _944
_aDiseño de interiores
_zMéxico
700 1 _9392
_aStoeltie, René
_efotos y textos
700 1 _9393
_aStoeltie, Barbara
_efotos y textos
700 1 _9394
_aTaschen, Angelika
_eeditora
910 _bhfp
_chfp
942 _2ddc
_cLIB
_h720.972
_iL
999 _c3743
_d3743